Upravlenije territorial'no-proizvodstvennymi kompleksami i programmami ich sozdanija

Saved in:
Bibliographic Details
Main Author: Mil'ner, Bencion Zacharovič
Other Authors: Kočetkov, Andrej Vasil'jevič, Levčuk, Dmitrij Georgijevič
Format: Book
Language:Russian
Published: Moskva Nauka 1985
Tags: Add Tag
No Tags, Be the first to tag this record!

MARC

LEADER 00000nam a2200000 4500
001 c110180
005 20041019155146.1
041 0 |a rus 
044 |a RU 
245 1 0 |a Upravlenije territorial'no-proizvodstvennymi kompleksami i programmami ich sozdanija  |c Bencion Zacharovič Mil'ner, Andrej Vasil'jevič Kočetkov, Dmitrij Georgijevič Levčuk 
264 1 |a Moskva  |b Nauka  |c 1985 
300 |a 229 s. 
100 1 |a Mil'ner, Bencion Zacharovič 
700 1 |a Kočetkov, Andrej Vasil'jevič 
700 1 |a Levčuk, Dmitrij Georgijevič